Statistics for Countries beginning with Vowels

Click here to take the quiz!

General Stats

  • This quiz has been taken 990 times
  • The average score is 27 of 36

Answer Stats

HintAnswer% Correct
AAustralia
88%
OOman
87%
IIndia
86%
AAustria
85%
UUnited Kingdom
85%
UUnited States
83%
EEthiopia
82%
AAlbania
81%
AAndorra
81%
AArmenia
80%
IIndonesia
80%
IIreland
80%
IIceland
79%
IIraq
79%
AAlgeria
78%
EEritrea
78%
IIran
78%
UUruguay
78%
AAngola
77%
AArgentina
77%
UUganda
77%
UUzbekistan
77%
AAzerbaijan
76%
AAfghanistan
75%
EEgypt
75%
EEstonia
75%
EEcuador
74%
IItaly
74%
UUnited Arab Emirates
73%
AAntigua and Barbuda
68%
IIsrael
66%
UUkraine
63%
EEl Salvador
61%
EEast Timor
58%
EEquatorial Guinea
49%
EEngland
23%

Score Distribution

Percentile by Number Answered

Percent of People with Each Score

Your Score History

You have not taken this quiz